| 000 | 00350nam a22001337a 4500 | ||
|---|---|---|---|
| 008 | 170706b xxu||||| |||| 00| 0 eng d | ||
| 020 | _a9780060580803 | ||
| 041 | _aeng | ||
| 080 | _a82 | ||
| 100 | _a22 | ||
| 101 | _aGJL | ||
| 245 |
_aA SPLENDOR OF LETTERS THE PERMANENCE OF BOOKS AN IMPERMANENT WORLD _cBASBANES.N.A |
||
| 942 |
_2udc _cBK |
||
| 999 |
_c19991 _d19991 |
||